000 00561nam a2200193Ia 4500
003 LDD
008 181029s9999 xx 000 0 und d
020 _a749430338
_cP 22.50
040 _cLDD
100 _aSmith, Helen
245 0 _aBenchmarking and threshold standards in high education
_cHelen Smith
260 _aLondon
_bKogan Page
_c1999
300 _axiii,288p.
365 _bP 22.50
901 _a1929
_b29-02-2000
902 _a4767
_b03-03-2000
_cF
_dVIVA
_eSTRIDE
903 _aDiscount-10
_bReqst by : Sanjay Mishra
942 _2ddc
_cBK
999 _c64418
_d64418